000 00775nam a2200205 a 4500
001 BRCA_6079
005 20190320205327.0
008 170608s1996----mx-a---###---#000-0#spa-#
050 4 _aG1549
_b.U55 1996
100 1 _aUnikel Santoncini, Fanny
_915368
245 1 0 _aConservación preventiva de documentos cartográficos elaborados en papel.
260 _aCiudad de México
_c1996
300 _a122 p.
_bil.
502 _aTesis Licenciatura (Licenciada en Restauración de Bienes Muebles) Escuela Nacional de Conservación, Restauración y Museografía ´Manuel del Castillo Negrete´
650 1 4 _aCartografía
_xConservación y restauración
_915369
650 1 4 _aMapas
_910484
700 1 _aGalván Madrid, José Luis
_easesor
_915370
902 _aTES
942 _2lcc
_cTES
999 _c5766
_d5766